| 000 | 00614cam a2200229 4500 | ||
|---|---|---|---|
| 008 | 090401t1991 xxu||||| |||| 00| 0 eng d | ||
| 020 | _a0712307850 | ||
| 035 | _a(Sirsi) u63412 | ||
| 041 | _aeng | ||
| 050 | _a020.025 | ||
| 110 |
_aBritish Library _91566 |
||
| 245 | _aGuide to libraries in Western Europe: national, international and government libraries. | ||
| 260 |
_aLondon _bBritish Library _c1991 |
||
| 300 | _a122p. ; 30cm. | ||
| 350 | _a30 | ||
| 650 | _aDIRECTORIES | ||
| 650 | _aLIBRARIES | ||
| 690 | _aOVERSEAS-EUROPE | ||
| 700 |
_aDale, Peter _xEditor |
||
| 942 | _n0 | ||
| 948 | _c04/03/1997 | ||
| 999 |
_c94553 _d94553 |
||